000 00482nam a2200169 i 4500
001 24259
003 ES-MaACL
005 20251015063042.0
007 t|
008 021216s1868 fr ||||1| fre d
100 1 _aAmpère, Jean-Jacques,
_d1800-1864
_9167916
245 1 0 _aVoyage en Egypte et en Nubie /
_cpar J. J. Ampere.
260 _aParís :
_b[s.n.,
_c1868] (
_fM. Levy)
300 _aXIX, 577 p. ;
_c22 cm.
852 _aES-MaACL
_jG-8335
999 _c24259
_d24259